000 00479nam a2200169Ia 4500
999 _c11748
_d11748
003 OSt
005 20201015105641.0
008 190216s9999||||xx |||||||||||||| ||und||
040 _coclc
082 _a823.8
_bBRO/V
100 _aBronte, Charlotte
_94994
245 0 _aVillette /
_cCharlotte Bronte
260 _bDean&Son Ltd,
_c1965.
_aLondon:
300 _a247p
650 _aEnglish Novel-English Novel
942 _cBK
_2ddc
_h823.8
_iBRO/V
_k823.8
_mBRO/V